000 00537nam a2200217Ia 4500
003 OSt
005 20220924133958.0
006 a|||||r|||| 00| 0
007 ta
008 220923b |||||||| |||| 00| 0 snd d
024 _a271423
037 _cTextual
040 _aARTS
_cARTS
_bsnd
041 _2snd
_asnd
082 _aG2:454, 1593K0
100 _aUttamchandani
_9154140
245 0 _aUthi alakhh si aur
260 _c1560
942 _hG2:454, 1593K0
_cTEXL
_2CC
999 _c435915
_d435915